| 000 | 00749nam a2200217 i 4500 | ||
|---|---|---|---|
| 001 | 137897 | ||
| 003 | ES-MaACL | ||
| 005 | 20250925162404.0 | ||
| 007 | t| | ||
| 008 | 070214s1959 sp r ||||1| spa d | ||
| 100 | 1 |
_aSalvá Miquel, Francisco. _9102062 |
|
| 245 | 1 | 0 |
_aFrancisco Franco _b: (historia de un español) / _cFrancisco Salvá Miquel, Juan Vicente ; introducción y prólogo de Juan Aparicio. |
| 250 | _a1ª ed. | ||
| 260 |
_aBarcelona : _bEd. Generales, _c1959. |
||
| 300 |
_a320 p., 24 lám. ; _c23 cm. |
||
| 600 | 1 | 4 |
_aFranco Bahamonde, Francisco, _d1892-1975 _952240 |
| 700 | 1 |
_aVicente, Juan. _9114340 |
|
| 700 | 1 |
_aAparicio, Juan, _d1906- _922051 |
|
| 852 |
_aES-MaACL _jC-26164 _bR.55180 |
||
| 999 |
_c137897 _d137897 |
||